Score 0/10 Timer 03:00
0 Plays Today
Border % Correct
Indonesia - Papua New Guinea
97.5%
Indonesia - Malaysia
93.8%
Indonesia - Timor-Leste
90.7%
Malaysia - Brunei
88.7%
Malaysia - Thailand
88%
Vietnam - Cambodia
85.5%
Vietnam - Laos
83.5%
Cambodia - Laos
72.5%
Thailand - Laos
64.1%
Chile - Argentina
54.5%
Remove Ads.
Support Sporcle.
Get the best of Sporcle when you Go Orange. This ad-free experience offers more features, more stats, and more fun while also helping to support Sporcle. Thank you for becoming a member.

You're not logged in!

Compare scores with friends on all Sporcle quizzes.
OR
Log In

Show Comments

Extras

Top Quizzes Today


Score Distribution

Your Account Isn't Verified!

In order to create a playlist on Sporcle, you need to verify the email address you used during registration. Go to your Sporcle Settings to finish the process.

Report this User

Report this user for behavior that violates our Community Guidelines.

Details: